00000000nam 2200000zi 4500
0019.922119
003CaOODSP
00520250611123540
006m     o  d f      
007cr |n|||||||||
008230501e197412##onco    ob   f000 0 eng d
040 |aCaOODSP|beng|erda|cCaOODSP
043 |an-cn---
0861 |aA58-4/499E-PDF
1001 |aTimbers, G. E. |q(Gordon Ernest), |d1940- |eauthor.
24510|aSome comments on water jet and laser cutting of peaches / |cG.E. Timbers.
264 1|aOttawa, Ontario : |bEngineering Research Service, Research Branch, Agriculture Canada, |cDecember 1974.
300 |a1 online resource (9 pages) : |bphotographs.
336 |atext|btxt|2rdacontent
337 |acomputer|bc|2rdamedia
338 |aonline resource|bcr|2rdacarrier
4901 |aContribution ; |vno. 499
500 |a"Report number 7427."
504 |aIncludes bibliographical references (page 6).
520 |a"At the request of Mr. John Kitson of the Agriculture Canada Research Station in Summerland, B.C., Engineering Research Service became involved in a brief study on the use of hydraulic jets for the cutting of peaches. The work . was undertaken by the Gas Dynamics Lab. at N.R.C. with the laboratory testing carried out by Mr. Bill Brierly of N.R.C. and Mr. R.P. Hocking of E.R.S. The work extended a brief study conducted by Mr. C.A.M. Smith of N.R.C. in 1966, the results of which were never published"--Introduction, page [1].
650 0|aPeach industry|zCanada.
650 6|aPêche (Fruit)|xIndustrie|zCanada.
7101 |aCanada. |bAgriculture Canada. |bEngineering Research Service, |eissuing body.
830#0|aContribution (Canada. Agriculture Canada. Engineering Research Service)|vno. 499.|w(CaOODSP)9.921188
85640|qPDF|s8.82 MB|uhttps://publications.gc.ca/collections/collection_2023/aac-aafc/A58-4-499-eng.pdf